Canadian Prime Minister First Names - Statistics

General Stats
  • This quiz has been taken 131 times
  • The average score is 21 of 28
Answer Stats
# Answer (First Name) % Correct
23 Justin
97%
1 John I
92%
- John I
92%
3 John II
92%
4 John III
92%
13 John IV
92%
17 John V
92%
22 Stephen
89%
15 Pierre
87%
- Pierre
87%
21 Paul
83%
10 William
81%
- William
81%
- William
81%
18 Brian
79%
20 Jean
79%
19 Kim
79%
16 Joe
68%
14 Lester
63%
2 Alexander
57%
12 Louis
56%
8 Robert
54%
9 Arthur
49%
- Arthur
49%
6 Charles
49%
7 Wilfrid
49%
5 Mackenzie
48%
11 Richard
43%
No matching quizzes found
Score Distribution
Percent of People with Each Score
Percentile by Number Answered
Your Score History
You have not taken this quiz